000 00535nam a2200145Ia 4500
008 100204s9999 xx 000 0 und d
082 _b14332
100 _aभोसेकर मुरलीधर
245 _aसिध्दार्थाची यशोधरा
260 _b"रविंद्र एस. पारसकर , पुणे"
300 _a148
630 _aसिध्दार्थाची यशोधरा
730 _aसिध्दार्थाची यशोधरा
942 _cBOOK
999 _c458763
_d458760